Baťův příklad současnosti - přednosti a rizika

Tomáš Baťa je považovaný za geniálneho podnikateľa a jedného z najlepších svetových priemyselníkov 20. storočia. V súčasnosti je Baťa považovaný za výborný zdroj príkladov a rád. Podstata Baťovho príkladu, súhrn jeho predností a rizík.

Salvato in:
Dettagli Bibliografici
Autore principale: Lešingrová, Romana
Natura: Capitolo di libro
Lingua:ceco
Soggetti:
Tags: Aggiungi Tag
Nessun Tag, puoi essere il primo ad aggiungerne!!

MARC

LEADER 00000nla$a2200000$$$4500
001 0123251
005 20221107084346.0
041 0 |a cze 
044 |a SK 
245 1 0 |a Baťův příklad současnosti - přednosti a rizika  |c Romana Lešingrová 
520 |a Tomáš Baťa je považovaný za geniálneho podnikateľa a jedného z najlepších svetových priemyselníkov 20. storočia. V súčasnosti je Baťa považovaný za výborný zdroj príkladov a rád. Podstata Baťovho príkladu, súhrn jeho predností a rizík. 
610 2 0 |a podnikatelia 
610 2 0 |a Česko 
100 1 |a Lešingrová, Romana